000 01146nac a22003497a 4500
001 BR0703473
003 BR-BrBNA
005 20240105123426.0
008 230509b bl.|||m| |||| 00| 0 por d
040 _aBR-BrBNA
_bpor
_cBiblioteca Nacional de Agricultura
072 _aF30
090 _a0110 BR0703473
100 1 _aMinella, E.
100 1 _aSilva, M.S. e
100 1 _aÁrias, G.
110 1 _aCentro Nacional de Pesquisa de Trigo, Passo Fundo, RS (Brasil)
245 1 _aPotencial produtivo e caracteristicas agronômicas das cultivares de cevada cervejeira recomendada para a região sul do Brasil
260 3 _aPasso Fundo, RS (Brasil):
_c1996.
300 _a28 p.
490 _aCircular Técnica - Centro Nacional de Pesquisa de Trigo (Brazil)
_vno. 8
_xISSN 0100-8625
500 _a14 tables; 9 ref.
650 _aCEVADA
650 _aVARIEDADE
650 _aCARACTERISTICAS AGRONÔMICAS
650 _aRENDIMENTO
650 _aZONEAMENTO CLIMÁTICO
650 _aSANTA CATARINA
650 _aRIO GRANDE DO SUL
650 _aPARANÁ
909 _a202312
_bLúcia Elande
_c55
_dLúcia Elande
942 _2AGRIS
_n0
_cMS
999 _c295390
_d295390